| 000 | 00000nam 2200000za 4500 |
| 001 | 9.631536 |
| 003 | CaOODSP |
| 005 | 20210624214356 |
| 007 | cr ||||||||||| |
| 008 | 150407s2004 onc|||||o f|0| 0 fre d |
| 040 | |aCaOODSP|bfre |
| 043 | |an-cn--- |
| 086 | 1 |aL2-43/2003F-PDF |
| 110 | 1 |aCanada.|bRessources humaines et Développement des compétences Canada. |bProgramme du travail. |
| 245 | 10|aÀ votre service |h[ressource électronique]. |
| 260 | |aOttawa : |bRessources humaines et Développement des compétences Canada, |c2004. |
| 300 | |a30 p. |
| 500 | |aLe numéro de catalogue (L2-43/2003) et le numéro ISBN (0-662-67797-8) assignés à l'édition imprimée bilingue ont été incorrectement copiés dans cette édition électronique. |
| 590 | |a04-43|b2004-10-22 |
| 691 | 07|aProgramme fédéral|2gcpds |
| 691 | 07|aTravail|2gcpds |
| 775 | 08|tWorking for you |w(CaOODSP)9.687075 |
| 795 | |tÀ votre service - travail |w(CaOODSP)9.642071 |
| 856 | 40|ahttp://publications.gc.ca|qPDF|s2125 Ko|uhttps://publications.gc.ca/collections/Collection/L2-43-2003F.pdf |